2.Weltkrieg-Bilder- Was wird gesucht? - Statistiken

Allgemein
  • Dieses Quiz wurde 114 mal gespielt
    112 seit der letzten Aktualisierung
  • Das Durchschnittsergebnis liegt bei 10 aus 30
Antwortstatistiken
Bildquiz Antwort % Korrekt
Joseph Goebbels
86%
KZ Auschwitz
69%
Erwin Rommel
64%
Aggregat 4 (V2)
59%
VI Tiger
59%
Schlacht um Stalingrad
53%
Enigma
49%
Anne Frank
44%
Dwight D. Eisnhower
44%
Hirohito
44%
Karl Dönitz
44%
Bismark
41%
Junkers Ju 87 (Stuka)
33%
Zyklon B
31%
Stauffenberg-Attentat
27%
Operation Seelöwe
25%
Spitfire PT462
24%
80-cm-Kanone (E)
20%
Todesmarsch
20%
Ilse Koch
19%
Panzerbüchse 54
19%
Sturmgewehr 44
19%
The Blitz
18%
Messerschmitt Me 262
16%
B-17 Flying Fortress
15%
Omaha Beach
15%
Oskar Schindler
14%
Georgi K. Schukow
12%
Ardennenoffensive
9%
Nanjing Massaker
6%
Keine übereinstimmenden Quizze gefunden
Verteilung der Resultate
Anzahl Personen mit jedem Resultat
Perzentil nach korrekt beantworteten Fragen
Ihre Resultats-Entwicklung
Sie haben dieses Quiz seit der letzten Aktualisierung nicht gespielt